1784 1959 1464 1987 1662 1158 1426 1002 1485 1426 1154 1947 1896 1055 1504 1805 1769 1227 1564 1495 1376 1992 1410 1794 1582 1499 1026 1883 1164 1759 1093 1956 1326 1095 1397 1115 1244 1575 1100 1548 1588 1419 1492 1536 1239 1324 1858 1195 1463 1074 1883 1633 1297 1780 1577 1080 1375 1779 1800 1524 1610 1371 1127 1652 1858 1450 1917 1866 1291 1612 1974 1032 1191 1215 1126 1029 1587 1203 1968 1304 1582 1566 1839 1712 1077 1998 1015 1399 1842 1197 1353 1704 1628 1655 1763 1422 1714 1842 1421 BCNSPRNW ULIB Ver.6.0+V

เปลี่ยนเป็นภาษาไทย

Change to English
 แสดงรายละเอียดบรรณานุกรม
  กลับหน้าหลัก

Brief Record : Get Marc (ISO 2709) : E-mail record : QR code < ปิดหน้าต่าง
LEADER : 00000nam 2200000uu 4500
001    13399123163
003     ULIB
008    020711s2548 th a 000 0 tha d
020    9749335007
020    9789749335000
090    นว.^bฬ111ห
100    ฬีฬา
110    ยาหยี-ยาใจ
245    หนึ่งเดียวในดวงใจ /^cฬีฬา
250    พิมพ์ครั้งที่ 2
260    กรุงเทพฯ :^bยาหยี-ยาใจ,^c2548
300    195 หน้า;^b21 ซม.
945    ^p130^l0^i034421
999    ^aเกษร โพธิ์สุวรรณ
รายการนี้ยังไม่มีแท็ก
คุณยังไม่ได้ล็อกอิน คุณสามารถมีกิจกรรมร่วมกับเว็บไซต์ได้ แต่ต้องล็อกอินก่อน ::
  ล็อกอิน

รายการสื่อสารสนเทศ

ลำดับที่ ประเภท เลขเรียก/บาร์โค้ด สถานที่ สถานะ
1. นวนิยาย
นวนิยาย
นว. ฬ111ห ฉ.1 
  Barcode: 034421
ห้องสมุดวิทยาเขตสวรรค์ประชารักษ์
►นวนิยาย
บนชั้น
  ขอยืม

รายการใกล้เคียง
    ผู้แต่ง [ฬีฬา]

BibComment


ยังไม่เคยถูกคอมเมนท์

คอมเมนท์ทรัพยากรรายการนี้
  คอมเมนท์: หนึ่งเดียวในดวงใจ..


 Copyright 2026. Bcnsprnw @Library